| 000 | 02494nam a2200457 i 4500 | ||
|---|---|---|---|
| 001 | 154558 | ||
| 003 | ES-MaACL | ||
| 005 | 20251009201305.0 | ||
| 008 | 931025e1782 sp |r 00| 0dspa d | ||
| 040 | _cES-MaACL | ||
| 080 | _a914"14" | ||
| 080 | _a915"14" | ||
| 080 | _a929 Tamerlán | ||
| 100 | 1 |
_aGonzález de Clavijo, Ruy, _d-1412 _eaut _958539 |
|
| 245 | 1 | 0 |
_aHistoria del gran Tamorlan, e itinerario y enarracion del viage, y relacion de la embajada que Ruy Gonzalez de Clavijo le hizo por mandado del muy poderoso Señor Rey Don Henrique el Tercero de Castilla : _by un breve discurso fecho por Gonzalo Argote de Molina para mayor inteligencia de este libro |
| 246 | 1 | _aHistoria del gran Tamerlán, e itinerario y narración del viaje | |
| 250 |
_aSegunda impresion, a que se ha añadido la vida del gran Tamorlan / _bsacada de los comentarios, que escribio Don Garcia de Silva y Figueroa, y de su embajada al Rey de Persia |
||
| 260 |
_aEn Madrid : _ben la Imprenta de Don Antonio de Sancha, _c1782 |
||
| 300 |
_aXIII, 248 páginas ; _c4º (26 cm) |
||
| 505 | 0 | _aVida del Gran Tamorlan / escrita por Pero Mexia. Vida del gran Tamorlan / escrita por Pablo Iovio. Noticias del Gran Tamorlan / de Garcia de Silva | |
| 530 | _aDisponible en formato digital | ||
| 597 | _aSign. : *4, 2*3, A-Z4, 2A-2H4. | ||
| 597 | _aViñeta xilográfica en página 248 | ||
| 600 | 0 | 4 |
_aTamerlán, _d1336-1405 _9153939 |
| 651 | 4 |
_aAsia- _xDescripción- _yS.XIV _97826 |
|
| 700 | 1 |
_aArgote de Molina, Gonzalo, _d1549-1596 _eclb _922705 |
|
| 700 | 1 |
_aMexía, Pedro, _d1497-1551 _eclb _9129885 |
|
| 700 | 1 |
_aGiòvio, Paolo, _d1483-1552 _eclb _9163534 |
|
| 700 | 1 |
_aSilva y Figueroa, García de, _d1550-1624 _eclb _9106411 |
|
| 700 | 1 |
_aSancha, Antonio de, _d1720-1790 _eprm _9241786 |
|
| 740 | 0 | 2 | _aEmbajada a Tamorlán |
| 740 | 0 | 2 | _aVida del gran Tamerlán |
| 752 |
_aEspaña - _dMadrid |
||
| 852 | 4 |
_aES-MaACL _cDEPO _dOlim: G-13140 _jR-1294(2) _xPasta española |
|
| 856 | 4 |
_uhttps://bivaldi.gva.es/es/consulta/registro.do?id=6513 _yVersión en línea _z(Biblioteca Valenciana Digital: BIVALDI) |
|
| 856 | 4 |
_uhttps://hdl.handle.net/11441/113031 _yVersión en línea _z(idUS: Depósito de Investigación Universidad de Sevilla) |
|
| 856 | 4 |
_uhttps://bibliotecadigital.jcyl.es/es/consulta/registro.do?id=3833 _yVersión en línea _z(Biblioteca Digital de Castilla y León (BDCYL)) |
|
| 942 |
_cMONANT _n0 |
||
| 999 |
_c154558 _d154558 |
||